Statistics for Cricket: Highest Individual Test Scores

Click here to take the quiz!

General Stats

  • This quiz has been taken 56 times
    (30 since last reset)
  • The average score is 21 of 31

Answer Stats

ForAgainstYearScoreAnswer% Correct
WIENG2004400*Brian Lara
96%
WIENG1994375Brian Lara
96%
WISA2005317Chris Gayle
88%
WISL2010333Chris Gayle
88%
AUSZIM2003380Matthew Hayden
88%
AUSPAK2019335*David Warner
83%
SLBAN2014319Kumar Sangakkara
83%
SAENG2012311*Hashim Amla
75%
SLSA2006374Mahela Jayawardene
75%
PAKNZ2002329Inzamam-ul-Haq
71%
AUSIND2012329*Michael Clarke
71%
SLIND1997340Sanath Jayasuriya
71%
AUSENG1930334Sir Donald Bradman
71%
AUSENG1934304Sir Donald Bradman
71%
WIPAK1958365*Sir Garfield Sobers
71%
INDPAK2004309Virender Sehwag
71%
INDSA2008319Virender Sehwag
71%
ENGIND1990333Graham Gooch
67%
PAKWI2016302Azhar Ali
63%
NZIND2014302Brendon McCullum
63%
AUSPAK1998334*Mark Taylor
63%
PAKSL2009313Younis Khan
63%
ENGNZ1933336*Wally Hammond
58%
PAKWI1958337Hanif Mohammad
54%
INDENG2016303*Karun Nair
54%
ENGAUS1938364Sir Len Hutton
54%
ENGNZ1965310*John Edrich
46%
AUSENG1964311Bob Simpson
42%
WIENG1974302Lawrence Rowe
42%
ENGWI1930325Andy Sandham
38%
AUSENG1966307Bob Cowper
38%

Score Distribution

Percentile by Number Answered

Percent of People with Each Score

Your Score History

You have not taken this quiz since the last reset